Normal view
MARC view
- Dana Salisbury, Edward
Entry Personal Name
001 - CONTROL NUMBER
- control field: 7947
003 - CONTROL NUMBER IDENTIFIER
- control field: OSt
005 - DATE AND TIME OF LATEST TRANSACTION
- control field: 20260420141734.0
008 - FIXED-LENGTH DATA ELEMENTS
- fixed length control field: 260420|| aca||aabn | a|a d
040 ## - CATALOGING SOURCE
- Original cataloging agency: OSt
- Transcribing agency: OSt
100 ## - HEADING--PERSONAL NAME
- Personal name: Dana Salisbury, Edward
670 ## - SOURCE DATA FOUND
- Source citation: Work cat.: (OSt)9672: Dana Salisbury, Edward ., Text book of mineralogy with an extended treatise on crystallography and physical mineralogy / , 1962.
